[Event "España ch sub-16 2012"]
[Site "Salobreña ESP"]
[Date "2012.07.16"]
[Round "1.1"]
[White "Moreno Valero, Ivan"]
[Black "Santos Latasa, Jaime"]
[Result "0-1"]
[WhiteElo "1809"]
[BlackElo "2399"]
[PlyCount "104"]
[EventDate "2012.07.16"]
[EventType "swiss"]
[EventRounds "9"]
[EventCountry "ESP"]
[Source "lmi"]
[SourceDate "2012.07.16"]

1. d4 Nf6 2. c4 e6 3. Nc3 d5 4. Bg5 Bb4 5. Qa4+ Nc6 6. e3 O-O 7. Bd3 Be7 8. Nf3
Bd7 9. Qd1 Nb4 10. O-O Rc8 11. a3 Nxd3 12. Qxd3 dxc4 13. Qxc4 c5 14. Rfd1 cxd4
15. Qxd4 Rc7 16. Ne5 h6 17. Bxf6 Bxf6 18. Qd6 Bc6 19. Qxd8 Rxd8 20. Rxd8+ Bxd8
21. Nxc6 Rxc6 22. Kf1 f5 23. Ke2 Bf6 24. Kd2 Kf7 25. Kc2 Ke7 26. a4 h5 27. Re1
g5 28. e4 Kf7 29. exf5 exf5 30. h3 h4 31. f3 a6 32. Kb3 Rc5 33. Re2 Be5 34. Rd2
Ke7 35. Re2 Ke6 36. Re3 Rc6 37. Re2 Rb6+ 38. Ka3 Rd6 39. Kb3 Rd4 40. Rc2 Bd6
41. Re2+ Kd7 42. Rf2 Rb4+ 43. Kc2 Be5 44. Rd2+ Ke6 45. Re2 b6 46. Re3 g4 47.
hxg4 fxg4 48. fxg4 Rxg4 49. Re2 Kf5 50. Rf2+ Rf4 51. Rxf4+ Kxf4 52. Ne2+ Ke3
0-1

[Event "España ch sub-16 2012"]
[Site "Salobreña ESP"]
[Date "2012.07.16"]
[Round "1.2"]
[White "Suarez Garcia, Carlos"]
[Black "Perez Pardo, Sergio Ivan"]
[Result "1-0"]
[WhiteElo "2306"]
[BlackElo "1805"]
[PlyCount "65"]
[EventDate "2012.07.16"]
[EventType "swiss"]
[EventRounds "9"]
[EventCountry "ESP"]
[Source "lmi"]
[SourceDate "2012.07.16"]

1. d4 Nf6 2. c4 e6 3. g3 d5 4. Bg2 c6 5. Nf3 Be7 6. O-O O-O 7. Qc2 b6 8. Nbd2
Bb7 9. e4 dxe4 10. Nxe4 Nxe4 11. Qxe4 Nd7 12. Rd1 Qc8 13. Qe2 Bf6 14. Bf4 Re8
15. Rac1 c5 16. dxc5 Nxc5 17. Be5 Bxe5 18. Qxe5 f6 19. Qe3 e5 20. b4 Ne6 21. c5
bxc5 22. bxc5 Rb8 23. c6 Bxc6 24. Nxe5 Nd8 25. Rxc6 Nxc6 26. Bd5+ Kh8 27. Nf7+
Kg8 28. Nd6+ Kf8 29. Nxe8 Ne5 30. Nxf6 gxf6 31. Qh6+ Ke8 32. Qxf6 Qc7 33. Re1
1-0

[Event "España ch sub-16 2012"]
[Site "Salobreña ESP"]
[Date "2012.07.16"]
[Round "1.3"]
[White "Castillo Rodriguez, Angel Luis"]
[Black "Martin Duque, Jesus"]
[Result "1/2-1/2"]
[WhiteElo "1805"]
[BlackElo "2241"]
[PlyCount "120"]
[EventDate "2012.07.16"]
[EventType "swiss"]
[EventRounds "9"]
[EventCountry "ESP"]
[Source "lmi"]
[SourceDate "2012.07.16"]

1. e4 c5 2. c4 Nc6 3. Nc3 g6 4. g3 Bg7 5. Bg2 d6 6. Nge2 Nf6 7. O-O O-O 8. d3
Bd7 9. h3 Ne8 10. Be3 a6 11. Rb1 Rb8 12. a4 Nc7 13. d4 cxd4 14. Nxd4 Nxd4 15.
Bxd4 Bxd4 16. Qxd4 b5 17. axb5 axb5 18. cxb5 Nxb5 19. Qe3 Nxc3 20. Qxc3 Qb6 21.
Rfc1 Rfc8 22. Qd2 Rxc1+ 23. Qxc1 Be6 24. b4 Qd4 25. Qb2 Qb6 26. Qd2 Qb5 27. Bf1
Bc4 28. Bg2 Rb6 29. Qd4 Rc6 30. Qa7 e6 31. Ra1 Rb6 32. Qc7 Ra6 33. Qc8+ Kg7 34.
Rxa6 Qxa6 35. Qxa6 Bxa6 36. f4 Kf6 37. Kf2 e5 38. Ke3 Ke6 39. f5+ gxf5 40.
exf5+ Kd7 41. Bd5 f6 42. g4 h6 43. Kf3 Bb5 44. Ke3 Kc7 45. h4 Be8 46. Kd3 Kb6
47. Kc4 Bb5+ 48. Kc3 Be2 49. g5 hxg5 50. hxg5 fxg5 51. f6 Bh5 52. f7 Bxf7 53.
Bxf7 e4 54. Bc4 g4 55. Kd4 g3 56. Ke3 d5 57. Bf1 g2 58. Bxg2 Kb5 59. Bxe4 d4+
60. Kxd4 Kxb4 1/2-1/2

[Event "España ch sub-16 2012"]
[Site "Salobreña ESP"]
[Date "2012.07.16"]
[Round "1.4"]
[White "Nicolas Zapata, Irene"]
[Black "Gonzalez Santamartina, Jorge"]
[Result "1-0"]
[WhiteElo "2235"]
[BlackElo "1795"]
[PlyCount "81"]
[EventDate "2012.07.16"]
[EventType "swiss"]
[EventRounds "9"]
[EventCountry "ESP"]
[Source "lmi"]
[SourceDate "2012.07.16"]

1. d4 Nf6 2. Nf3 g6 3. c4 Bg7 4. Nc3 O-O 5. e4 d6 6. Be2 e5 7. Be3 Nbd7 8. d5
Ng4 9. Bg5 f6 10. Bd2 a5 11. h3 Nh6 12. Qc1 Nf7 13. Qc2 Nc5 14. g4 Bd7 15. Rg1
Qc8 16. O-O-O Bh6 17. Bxh6 Nxh6 18. Qd2 Nf7 19. Qe3 Ra6 20. Ne1 Qd8 21. h4 Qe7
22. Nd3 Na4 23. Nxa4 Bxa4 24. Rd2 Rb6 25. g5 fxg5 26. hxg5 Nd8 27. f3 Bd7 28.
Bd1 Rf7 29. Rh2 Rg7 30. Be2 Nf7 31. Bf1 Nd8 32. Nf2 Qf7 33. Bh3 Rb4 34. b3 Bxh3
35. Rxh3 a4 36. Ng4 Qf4 37. Qxf4 exf4 38. Nf6+ Kf7 39. Kb2 axb3 40. axb3 Rb6
41. Rgh1 1-0

[Event "España ch sub-16 2012"]
[Site "Salobreña ESP"]
[Date "2012.07.16"]
[Round "1.5"]
[White "Perez Pardo, Adrian Jason"]
[Black "Montoliu Cervero, Francisco"]
[Result "0-1"]
[WhiteElo "1788"]
[BlackElo "2230"]
[PlyCount "80"]
[EventDate "2012.07.16"]
[EventType "swiss"]
[EventRounds "9"]
[EventCountry "ESP"]
[Source "lmi"]
[SourceDate "2012.07.16"]

1. e4 c5 2. Nf3 d6 3. d4 cxd4 4. Nxd4 Nf6 5. Nc3 g6 6. Be3 Bg7 7. f3 O-O 8. Bc4
Nc6 9. Qd2 Bd7 10. Bb3 Rc8 11. O-O-O Nxd4 12. Bxd4 b5 13. Kb1 a5 14. a3 b4 15.
axb4 axb4 16. Nd5 Nxd5 17. Bxg7 Kxg7 18. Qxd5 Kg8 19. Qd4 Qa5 20. Kc1 Rc7 21.
Kd2 Qg5+ 22. Qe3 Qxg2+ 23. Qe2 Qg5+ 24. Qe3 Qe5 25. Qb6 Qg5+ 26. Qe3 Qf6 27.
Qb6 Rc5 28. Qxb4 Qxf3 29. Rdf1 Qg2+ 30. Kc1 Bb5 31. Rhg1 Qxh2 32. Rh1 Qg2 33.
Rhg1 Qe2 34. Qd4 Bd3 35. Rf2 Qxe4 36. Qxe4 Bxe4 37. Rgf1 Bd5 38. Bxd5 Rxd5 39.
b4 f5 40. Kb2 g5 0-1

[Event "España ch sub-16 2012"]
[Site "Salobreña ESP"]
[Date "2012.07.16"]
[Round "1.6"]
[White "Navarrete Espi, Samuel"]
[Black "Bernal Gomez, Alejandro"]
[Result "1-0"]
[WhiteElo "2197"]
[BlackElo "1785"]
[PlyCount "53"]
[EventDate "2012.07.16"]
[EventType "swiss"]
[EventRounds "9"]
[EventCountry "ESP"]
[Source "lmi"]
[SourceDate "2012.07.16"]

1. e4 c5 2. Nf3 Nc6 3. d4 cxd4 4. Nxd4 g6 5. c4 Bg7 6. Nc2 d6 7. Be2 Nf6 8. Nc3
Nd7 9. Bd2 Nc5 10. O-O O-O 11. f3 Bd7 12. Rb1 a5 13. b3 Nd4 14. Nxd4 Bxd4+ 15.
Kh1 Be5 16. Qc1 Bc6 17. Bh6 Bg7 18. Bxg7 Kxg7 19. Nd5 Bxd5 20. exd5 Qd7 21. a3
Qf5 22. b4 axb4 23. axb4 Ra2 24. Rb2 Rfa8 25. bxc5 dxc5 26. Rxa2 Rxa2 27. Qc3+
1-0

[Event "España ch sub-16 2012"]
[Site "Salobreña ESP"]
[Date "2012.07.16"]
[Round "1.7"]
[White "Jimenez Peñafiel, Gustavo"]
[Black "Escudero Manzano, Alejandro"]
[Result "0-1"]
[WhiteElo "1784"]
[BlackElo "2192"]
[PlyCount "50"]
[EventDate "2012.07.16"]
[EventType "swiss"]
[EventRounds "9"]
[EventCountry "ESP"]
[Source "lmi"]
[SourceDate "2012.07.16"]

1. e4 c5 2. Nf3 Nc6 3. d4 cxd4 4. Nxd4 Nf6 5. Nc3 e5 6. Ndb5 d6 7. Nd5 Nxd5 8.
exd5 Nb8 9. Bd3 Be7 10. c4 O-O 11. O-O a6 12. Nc3 f5 13. b3 Bf6 14. Be2 e4 15.
Qc2 Nd7 16. Bb2 Be5 17. Rac1 Nf6 18. Rfd1 f4 19. Ba1 f3 20. gxf3 exf3 21. Bxf3
Ng4 22. Qe2 Qh4 23. Ne4 Qxh2+ 24. Kf1 Qh3+ 25. Bg2 Ne3+ 0-1

[Event "España ch sub-16 2012"]
[Site "Salobreña ESP"]
[Date "2012.07.16"]
[Round "1.8"]
[White "Acosta Sosa, Juan Manuel"]
[Black "Gonzalez Capacete, Jose Miguel"]
[Result "1-0"]
[WhiteElo "2166"]
[BlackElo "1781"]
[PlyCount "43"]
[EventDate "2012.07.16"]
[EventType "swiss"]
[EventRounds "9"]
[EventCountry "ESP"]
[Source "lmi"]
[SourceDate "2012.07.16"]

1. c4 Nf6 2. Nc3 g6 3. g3 Bg7 4. Bg2 d6 5. d4 O-O 6. Nf3 Nbd7 7. O-O c6 8. h3
Qc7 9. g4 e5 10. e3 Ne8 11. dxe5 dxe5 12. Qc2 f5 13. gxf5 gxf5 14. e4 Nc5 15.
Re1 Nd6 16. Nd2 Qf7 17. f3 Nxc4 18. Nxc4 Qxc4 19. Be3 f4 20. Bf1 Qb4 21. Nd5
cxd5 22. Bxc5 1-0

[Event "España ch sub-16 2012"]
[Site "Salobreña ESP"]
[Date "2012.07.16"]
[Round "1.9"]
[White "Salazar De La Cruz, Jose Maria"]
[Black "Shen, Yue"]
[Result "0-1"]
[WhiteElo "1774"]
[BlackElo "2148"]
[PlyCount "58"]
[EventDate "2012.07.16"]
[EventType "swiss"]
[EventRounds "9"]
[EventCountry "ESP"]
[Source "lmi"]
[SourceDate "2012.07.16"]

1. e4 c5 2. Nf3 d6 3. d4 cxd4 4. Nxd4 Nf6 5. Nc3 a6 6. Be3 e5 7. Nb3 Be7 8. f3
Be6 9. Qd2 Nbd7 10. O-O-O h5 11. Kb1 b5 12. Qf2 Qc7 13. Nd5 Bxd5 14. exd5 b4
15. f4 Ng4 16. Qg3 Nxe3 17. Qxe3 Bf6 18. Rd4 Nb6 19. Qe4 O-O 20. Rd1 exf4 21.
Qxf4 a5 22. Bd3 Be5 23. Qg5 a4 24. Nd2 a3 25. Ne4 axb2 26. Qxh5 g6 27. Qh4 Rxa2
28. Nf6+ Bxf6 29. Qxf6 Nxd5 0-1

[Event "España ch sub-16 2012"]
[Site "Salobreña ESP"]
[Date "2012.07.16"]
[Round "1.10"]
[White "Diaz Camallonga, Carles"]
[Black "Juanes Garcia, Olaya"]
[Result "1-0"]
[WhiteElo "2144"]
[BlackElo "1766"]
[PlyCount "75"]
[EventDate "2012.07.16"]
[EventType "swiss"]
[EventRounds "9"]
[EventCountry "ESP"]
[Source "lmi"]
[SourceDate "2012.07.16"]

1. e4 e6 2. d4 d5 3. Nc3 dxe4 4. Nxe4 Nd7 5. Nf3 Ngf6 6. Nxf6+ Nxf6 7. Bd3 Be7
8. O-O O-O 9. Qe2 c5 10. dxc5 Bxc5 11. Rd1 Qc7 12. Bg5 Be7 13. Bh4 Bd7 14. Ne5
Bc6 15. Re1 Rfe8 16. Rad1 a6 17. Bg3 Qc8 18. Nc4 Nd7 19. Nd6 Bxd6 20. Bxd6 b5
21. f4 Qb7 22. Qf2 Nf6 23. Be5 Nd5 24. c3 Rad8 25. Bd4 Ne7 26. Qg3 Ng6 27. h4
Qc7 28. Rf1 f5 29. h5 Nf8 30. Rde1 Bd5 31. b3 Qf7 32. h6 Ng6 33. Bxg7 Rc8 34.
Bd4 Qf8 35. Qg5 Qf7 36. Re3 Rf8 37. Be2 Rc6 38. Bh5 1-0

[Event "España ch sub-16 2012"]
[Site "Salobreña ESP"]
[Date "2012.07.16"]
[Round "1.11"]
[White "Buiza Prieto, Eihartze"]
[Black "Gutierrez Valero, Mario"]
[Result "0-1"]
[WhiteElo "1755"]
[BlackElo "2135"]
[PlyCount "112"]
[EventDate "2012.07.16"]
[EventType "swiss"]
[EventRounds "9"]
[EventCountry "ESP"]
[Source "lmi"]
[SourceDate "2012.07.16"]

1. e4 c5 2. Nf3 Nc6 3. d4 cxd4 4. Nxd4 e5 5. Nb5 d6 6. N1c3 a6 7. Na3 Be7 8.
Nd5 Nf6 9. Nxf6+ Bxf6 10. Nc4 Be7 11. Be3 b5 12. Bb6 Qd7 13. Ne3 O-O 14. Be2
Qb7 15. Nd5 Be6 16. Be3 Rab8 17. O-O Bd8 18. b3 Ne7 19. c4 Bxd5 20. cxd5 Bb6
21. Qd2 f5 22. f3 Qa7 23. Bxb6 Qxb6+ 24. Kh1 Rf6 25. a4 bxa4 26. bxa4 a5 27.
Bb5 Rbf8 28. g3 fxe4 29. fxe4 Rf2 30. Qc3 Rc8 31. Qe1 Rxf1+ 32. Qxf1 Qd4 33.
Qe1 Rc2 34. Rd1 Qb2 35. Qg1 Qb3 36. Rd3 Qb4 37. Re3 Qd2 38. Re2 Qc3 39. Rxc2
Qxc2 40. Qe1 g6 41. Qe2 Qb1+ 42. Kg2 Kg7 43. Be8 Ng8 44. Bb5 Nf6 45. Bd3 Qb4
46. Qc2 Qd4 47. Qc7+ Kh6 48. Qc1+ g5 49. Qf1 Kg7 50. Qb1 Qxa4 51. Qb7+ Kg6 52.
Qc8 h6 53. Qf5+ Kg7 54. Qe6 Qb4 55. h4 Qd2+ 56. Kh3 g4+ 0-1

[Event "España ch sub-16 2012"]
[Site "Salobreña ESP"]
[Date "2012.07.16"]
[Round "1.12"]
[White "Rubio Tent, Francisco"]
[Black "Sanchez Vigon, David"]
[Result "1-0"]
[WhiteElo "2120"]
[BlackElo "1752"]
[PlyCount "127"]
[EventDate "2012.07.16"]
[EventType "swiss"]
[EventRounds "9"]
[EventCountry "ESP"]
[Source "lmi"]
[SourceDate "2012.07.16"]

1. e4 c5 2. Nf3 Nc6 3. d4 cxd4 4. Nxd4 g6 5. Nc3 Bg7 6. Nb3 Nf6 7. Be2 d6 8.
O-O Be6 9. Bg5 O-O 10. Re1 Ne5 11. Qd2 Rc8 12. Bf1 Bc4 13. Bd3 Qb6 14. Be3 Qa6
15. Rad1 Nfg4 16. Bd4 Nxd3 17. cxd3 Bxb3 18. Bxg7 Kxg7 19. axb3 e6 20. h3 Nf6
21. Qe3 b6 22. Ra1 Qb7 23. Nb5 Qd7 24. Nc3 Rc7 25. d4 Rd8 26. Rad1 b5 27. e5
dxe5 28. dxe5 Nd5 29. Nxd5 exd5 30. Qd4 Qe6 31. Re3 Qb6 32. Qxb6 axb6 33. Red3
Rc5 34. Rd4 Kf8 35. f4 Ke7 36. R1d2 Ke6 37. Kf2 h5 38. g3 Rc1 39. Kf3 Rd7 40.
g4 hxg4+ 41. hxg4 Rc5 42. Kg3 g5 43. Re2 gxf4+ 44. Kxf4 Rc1 45. Rb4 d4 46. Rxb5
d3 47. Rxb6+ Ke7 48. Rd2 Rf1+ 49. Kg3 Rg1+ 50. Kf3 Rf1+ 51. Kg2 Re1 52. Rd6
Rxe5 53. Rxd7+ Kxd7 54. Rxd3+ Ke6 55. Kf3 Rc5 56. b4 Rb5 57. Rd4 Rb7 58. Ke3
Ke5 59. Kd3 Rc7 60. b5 Rb7 61. Rb4 Kd5 62. b6 Kc5 63. Kc3 Kd5 64. Rb5+ 1-0

[Event "España ch sub-16 2012"]
[Site "Salobreña ESP"]
[Date "2012.07.16"]
[Round "1.13"]
[White "Quintana Perez, Maider"]
[Black "Sanchez Garcia, Julio"]
[Result "0-1"]
[WhiteElo "1742"]
[BlackElo "2108"]
[PlyCount "56"]
[EventDate "2012.07.16"]
[EventType "swiss"]
[EventRounds "9"]
[EventCountry "ESP"]
[Source "lmi"]
[SourceDate "2012.07.16"]

1. c4 e5 2. Nc3 Nf6 3. g3 g6 4. Bg2 Bg7 5. e3 d6 6. Nge2 O-O 7. O-O Re8 8. d3
c6 9. e4 Nbd7 10. Rb1 a5 11. a3 Nf8 12. b4 axb4 13. axb4 Be6 14. f4 Qb6+ 15.
Kh1 Ng4 16. Qe1 f5 17. h3 Nf6 18. Kh2 Qc7 19. Bd2 Qd7 20. Ng1 exf4 21. Bxf4
fxe4 22. Nxe4 Nxe4 23. Bxe4 Ra2+ 24. Rf2 Bxc4 25. Re2 Rxe4 26. dxe4 Bxe2 27.
Nxe2 Qe6 28. Bd2 Qxe4 0-1

[Event "España ch sub-16 2012"]
[Site "Salobreña ESP"]
[Date "2012.07.16"]
[Round "1.14"]
[White "Santos Ruiz, Miguel"]
[Black "Barbazan Bilbao, Xabier"]
[Result "1-0"]
[WhiteElo "2106"]
[BlackElo "1740"]
[PlyCount "93"]
[EventDate "2012.07.16"]
[EventType "swiss"]
[EventRounds "9"]
[EventCountry "ESP"]
[Source "lmi"]
[SourceDate "2012.07.16"]

1. e4 c5 2. Nf3 d6 3. Bb5+ Bd7 4. Bxd7+ Qxd7 5. O-O Nc6 6. Qe2 Nf6 7. Rd1 e6 8.
d4 cxd4 9. Nxd4 a6 10. c4 Qc7 11. b3 Be7 12. Bb2 O-O 13. Nc3 Rad8 14. Nxc6 bxc6
15. Rac1 Qb7 16. Rd3 Rfe8 17. f4 e5 18. Rf1 Bf8 19. fxe5 dxe5 20. Rg3 Bc5+ 21.
Kh1 Qe7 22. Bc1 Qe6 23. Na4 Be7 24. Bh6 g6 25. Rgf3 Nh5 26. Bd2 f6 27. Ba5 Rd7
28. g3 Ng7 29. c5 Qf7 30. Qxa6 Qe6 31. Rd3 f5 32. Rfd1 Rxd3 33. Qxd3 fxe4 34.
Qxe4 Nf5 35. Kg2 Bg5 36. Re1 Bf6 37. Bc3 Re7 38. Nb2 Qf7 39. Qxc6 Nd4 40. Qe4
Rc7 41. Bxd4 exd4 42. Nd3 Re7 43. Qa8+ Kg7 44. Rxe7 Qxe7 45. Qf3 Qa7 46. a4 Be7
47. Qd5 1-0

[Event "España ch sub-16 2012"]
[Site "Salobreña ESP"]
[Date "2012.07.16"]
[Round "1.15"]
[White "Kalynovsky, Martin"]
[Black "Jimenez Almeida, Luis David"]
[Result "1/2-1/2"]
[WhiteElo "1732"]
[BlackElo "2097"]
[PlyCount "108"]
[EventDate "2012.07.16"]
[EventType "swiss"]
[EventRounds "9"]
[EventCountry "ESP"]
[Source "lmi"]
[SourceDate "2012.07.16"]

1. e4 e6 2. d4 d5 3. exd5 exd5 4. Bd3 Bd6 5. h3 Nc6 6. c3 Be6 7. Ne2 Qd7 8. Bf4
O-O-O 9. Nd2 f6 10. Bxd6 Qxd6 11. Qc2 Nce7 12. Nb3 h5 13. Nc5 Nh6 14. Qb3 Qc6
15. Bb5 Qb6 16. a4 a6 17. a5 Qxb5 18. Qxb5 axb5 19. Nxe6 Rdg8 20. Kd2 g5 21. g3
Nef5 22. Nc5 Re8 23. a6 bxa6 24. Rxa6 Kd8 25. Rxf6 Nd6 26. b3 Ke7 27. Re6+ Kf7
28. Rxe8 Rxe8 29. Nc1 Ne4+ 30. Nxe4 dxe4 31. Na2 Nf5 32. Rf1 Kg6 33. g4 hxg4
34. hxg4 Nh6 35. Rg1 Rf8 36. Ke2 Ra8 37. Nb4 Ra3 38. Rb1 Nxg4 39. Rb2 Ra1 40.
Nd5 Rh1 41. Rd2 Rh2 42. Ke1 Kf5 43. Nxc7 Kf4 44. Ne6+ Kf5 45. d5 Ne5 46. Nd4+
Kf6 47. Re2 Nd3+ 48. Kd2 Nc5 49. b4 Nd7 50. Nxb5 Nb6 51. d6 Rh4 52. Ke3 Ke5 53.
Kd2 Nc4+ 54. Ke1 Rh8 1/2-1/2

[Event "España ch sub-16 2012"]
[Site "Salobreña ESP"]
[Date "2012.07.16"]
[Round "1.16"]
[White "Marchena Hurtado, Javier"]
[Black "Calvo Ruiz, Sergio"]
[Result "1-0"]
[WhiteElo "2085"]
[BlackElo "1726"]
[PlyCount "91"]
[EventDate "2012.07.16"]
[EventType "swiss"]
[EventRounds "9"]
[EventCountry "ESP"]
[Source "lmi"]
[SourceDate "2012.07.16"]

1. e4 c5 2. Nf3 d6 3. d4 cxd4 4. Nxd4 Nf6 5. Nc3 g6 6. Be3 Bg7 7. f3 O-O 8. Qd2
Nc6 9. O-O-O d5 10. exd5 Nxd5 11. Nxc6 bxc6 12. Bd4 Bxd4 13. Qxd4 Qc7 14. Bc4
e5 15. Qd2 Be6 16. Ne4 Nf4 17. Bxe6 Nxe6 18. Qd6 Rfd8 19. Nf6+ Kg7 20. Nd7 Qxd6
21. Rxd6 Nf4 22. Rhd1 Nd5 23. c4 Ne3 24. R1d3 Nxc4 25. Rxc6 Rac8 26. Rxc8 Rxc8
27. Rc3 Rd8 28. Rd3 Rc8 29. Rc3 Rd8 30. Rxc4 Rxd7 31. Rc6 Kh6 32. b4 Kg5 33.
Rc4 Kf5 34. Kc2 Ke6 35. a4 Kd5 36. Kc3 f5 37. a5 Rb7 38. Rc5+ Kd6 39. Kc4 e4
40. fxe4 fxe4 41. b5 Re7 42. Rd5+ Kc7 43. Rd2 Re5 44. Rc2 Kd6 45. Rd2+ Kc7 46.
Rc2 1-0

[Event "España ch sub-16 2012"]
[Site "Salobreña ESP"]
[Date "2012.07.16"]
[Round "1.17"]
[White "Gonzalez Fernandez, Pedro"]
[Black "Rojano Alfonso, Carlos"]
[Result "0-1"]
[WhiteElo "1725"]
[BlackElo "2084"]
[PlyCount "68"]
[EventDate "2012.07.16"]
[EventType "swiss"]
[EventRounds "9"]
[EventCountry "ESP"]
[Source "lmi"]
[SourceDate "2012.07.16"]

1. e4 e6 2. d4 d5 3. e5 c5 4. c3 Nc6 5. Nf3 Qb6 6. a3 Nh6 7. b4 cxd4 8. cxd4
Nf5 9. Bb2 a5 10. b5 Be7 11. Nc3 Ncxd4 12. Nxd4 Qxd4 13. Qxd4 Nxd4 14. Nxd5
Nc2+ 15. Kd2 exd5 16. Kxc2 Bc5 17. f4 Be3 18. Bc1 Bf5+ 19. Kb3 a4+ 20. Ka2 Bb6
21. Bb2 Rc8 22. Rd1 Be4 23. f5 Bxf5 24. Bd3 Be6 25. Rhf1 O-O 26. Rf4 Rfd8 27.
Kb1 d4 28. Bf5 Bxf5+ 29. Rxf5 Rc5 30. Rdf1 d3 31. Rxf7 d2 32. Rxg7+ Kxg7 33.
e6+ Kg6 34. Rf6+ Kg5 0-1

[Event "España ch sub-16 2012"]
[Site "Salobreña ESP"]
[Date "2012.07.16"]
[Round "1.18"]
[White "Moreno Ibañez, Miguel"]
[Black "Llano Olabarrieta, Joseba"]
[Result "1-0"]
[WhiteElo "2055"]
[BlackElo "1723"]
[PlyCount "73"]
[EventDate "2012.07.16"]
[EventType "swiss"]
[EventRounds "9"]
[EventCountry "ESP"]
[Source "lmi"]
[SourceDate "2012.07.16"]

1. e4 c5 2. Nf3 e6 3. d4 cxd4 4. Nxd4 a6 5. Bd3 Qc7 6. O-O Nf6 7. Qe2 d6 8. f4
Nbd7 9. Kh1 Be7 10. Nc3 O-O 11. Bd2 b5 12. a4 bxa4 13. Nxa4 Bb7 14. b4 Rfc8 15.
c4 d5 16. exd5 exd5 17. c5 Ne4 18. Rac1 Bf6 19. Be3 Bxd4 20. Bxd4 Re8 21. Qc2
Re6 22. Nc3 Rae8 23. Kg1 Nxc3 24. Qxc3 Nf6 25. Bf5 Re2 26. c6 Bc8 27. Bd3 R2e6
28. f5 Ng4 29. g3 Rh6 30. Rce1 Rd8 31. Rf4 Rxc6 32. Rxg4 Rxc3 33. Rxg7+ Kf8 34.
Rxh7 Be6 35. Bf6 Qb6+ 36. Kh1 Ke8 37. Bf1 1-0

[Event "España ch sub-16 2012"]
[Site "Salobreña ESP"]
[Date "2012.07.16"]
[Round "1.19"]
[White "Redondo Benavente, Jose Carlos"]
[Black "Forsberg Conde, Martin"]
[Result "0-1"]
[WhiteElo "1719"]
[BlackElo "2046"]
[PlyCount "110"]
[EventDate "2012.07.16"]
[EventType "swiss"]
[EventRounds "9"]
[EventCountry "ESP"]
[Source "lmi"]
[SourceDate "2012.07.16"]

1. e4 e5 2. Nf3 Nc6 3. Bc4 Bc5 4. O-O d6 5. h3 Nf6 6. d3 h6 7. c3 g5 8. d4 exd4
9. cxd4 Bb6 10. e5 dxe5 11. Nxe5 Nxe5 12. dxe5 Qxd1 13. Rxd1 Ne4 14. Rf1 Bd4
15. Bd5 Nc5 16. Nd2 c6 17. Nb3 Nxb3 18. Bxb3 O-O 19. Re1 Re8 20. Re4 c5 21. g4
Rxe5 22. Rxe5 Bxe5 23. Bd5 Be6 24. Bxb7 Rd8 25. Bf3 Rd3 26. Kg2 Bd5 27. Bxd5
Rxd5 28. Be3 Bxb2 29. Rb1 Bd4 30. Rd1 Kg7 31. Bxd4+ Rxd4 32. Rxd4 cxd4 33. Kf3
f5 34. gxf5 Kf6 35. Ke4 d3 36. Kxd3 Kxf5 37. Ke3 h5 38. Kf3 h4 39. a4 a5 40.
Kg2 Kf4 41. Kf1 Kf3 42. Kg1 Ke2 43. Kg2 Ke1 44. f4 gxf4 45. Kf3 Kd2 46. Kxf4
Kc3 47. Kg4 Kb4 48. Kxh4 Kxa4 49. Kg5 Kb3 50. h4 a4 51. h5 a3 52. Kg6 a2 53. h6
a1=Q 54. Kh7 Qf6 55. Kg8 Qxh6 0-1

[Event "España ch sub-16 2012"]
[Site "Salobreña ESP"]
[Date "2012.07.16"]
[Round "1.20"]
[White "Capote Robayna, Nathaniel"]
[Black "Lechuga Cabrero, Luis Miguel"]
[Result "0-1"]
[WhiteElo "2044"]
[BlackElo "1712"]
[PlyCount "104"]
[EventDate "2012.07.16"]
[EventType "swiss"]
[EventRounds "9"]
[EventCountry "ESP"]
[Source "lmi"]
[SourceDate "2012.07.16"]

1. e4 e5 2. Nf3 Nc6 3. Bb5 a6 4. Ba4 Nf6 5. O-O Be7 6. Re1 b5 7. Bb3 d6 8. h3
O-O 9. c3 Na5 10. Bc2 c5 11. d4 Qc7 12. dxe5 dxe5 13. Nbd2 Rd8 14. Qe2 Bf8 15.
Nf1 g6 16. Bg5 Bg7 17. Ne3 Be6 18. Nd5 Bxd5 19. exd5 Re8 20. Rad1 Rad8 21. Nd2
Rd7 22. c4 Qb6 23. a3 Rb7 24. b4 cxb4 25. axb4 Nxc4 26. Nxc4 bxc4 27. Ba4 Rc8
28. Bc6 Rbb8 29. Qf3 Ne8 30. Be7 f5 31. Bd7 Rc7 32. Bc5 Rxc5 33. bxc5 Qxc5 34.
Bxe8 Rxe8 35. d6 e4 36. d7 Rd8 37. Qg3 Bd4 38. Kh1 Bxf2 39. Qg5 Qc7 40. Re2 Bc5
41. Qd2 Qc6 42. Qd5+ Qxd5 43. Rxd5 Bb4 44. Rb2 a5 45. Kg1 Kf7 46. Rb1 Ke6 47.
Rbd1 c3 48. Rb5 Rxd7 49. Rb6+ Ke7 50. Rxd7+ Kxd7 51. Rb7+ Kc6 52. Rb8 Kc7 0-1

[Event "España ch sub-16 2012"]
[Site "Salobreña ESP"]
[Date "2012.07.16"]
[Round "1.22"]
[White "Garcia De Lomas Guerrero, Carlos"]
[Black "Sanchez Merino, Christian"]
[Result "1-0"]
[WhiteElo "2041"]
[BlackElo "1708"]
[PlyCount "76"]
[EventDate "2012.07.16"]
[EventType "swiss"]
[EventRounds "9"]
[EventCountry "ESP"]
[Source "lmi"]
[SourceDate "2012.07.16"]

1. e4 g6 2. d4 Bg7 3. Nf3 c5 4. Nc3 cxd4 5. Nxd4 a6 6. Be3 d6 7. f3 Nf6 8. Qd2
Nc6 9. O-O-O Bd7 10. h3 b5 11. Nd5 Nxd5 12. Nxc6 Bxc6 13. exd5 Bd7 14. Bd4 O-O
15. Bxg7 Kxg7 16. h4 Rc8 17. Bd3 Qb6 18. h5 Rh8 19. Rde1 e5 20. h6+ Kf8 21. f4
Qd4 22. fxe5 Qxd5 23. exd6 Qxd6 24. Qg5 f6 25. Rhf1 Kf7 26. Rd1 Ke7 27. Rde1+
Kf7 28. Be4 Rc5 29. Rxf6+ Qxf6 30. Qxc5 Qf4+ 31. Kb1 Re8 32. Qd4 Rxe4 33. Qxe4
Qxe4 34. Rxe4 g5 35. Rd4 Bc8 36. Rd6 Ke7 37. Rc6 Kd7 38. Rg6 Ke8 1-0

[Event "España ch sub-16 2012"]
[Site "Salobreña ESP"]
[Date "2012.07.16"]
[Round "1.23"]
[White "Vazquez Gomez, David"]
[Black "Ruiz Font, Elisabet"]
[Result "0-1"]
[WhiteElo "1693"]
[BlackElo "2039"]
[PlyCount "96"]
[EventDate "2012.07.16"]
[EventType "swiss"]
[EventRounds "9"]
[EventCountry "ESP"]
[Source "lmi"]
[SourceDate "2012.07.16"]

1. e4 c5 2. Nf3 g6 3. d3 Bg7 4. g3 Nc6 5. Bg2 d6 6. Nbd2 Nf6 7. O-O O-O 8. Re1
Qc7 9. c3 e5 10. Nc4 h6 11. h3 b5 12. Ne3 Be6 13. Nh2 Qd7 14. Nhg4 Ne8 15. Nd5
h5 16. Nge3 Bxh3 17. f4 Bxg2 18. Kxg2 Ne7 19. Qf3 Nxd5 20. Nxd5 Nf6 21. Ne3
Rad8 22. f5 d5 23. g4 d4 24. g5 dxe3 25. gxf6 Bxf6 26. Bxe3 Qxd3 27. Bxc5 Qxf3+
28. Kxf3 Rd3+ 29. Re3 Rfd8 30. Rxd3 Rxd3+ 31. Ke2 Rd7 32. a4 a6 33. axb5 axb5
34. Ra6 Kg7 35. Bf8+ Kxf8 36. Rxf6 Kg7 37. Rb6 g5 38. Rxb5 f6 39. Rd5 Rc7 40.
Rd3 g4 41. b4 h4 42. Kf2 Kh6 43. b5 Rc5 44. b6 Rb5 45. Rd6 Rb2+ 46. Kg1 Kg5 47.
c4 g3 48. c5 Rb1+ 0-1